El mundo mediterráneo en la edad antigüa / Hermann Bengsos

Guardat en:
Dades bibliogràfiques
Autor principal: Bengtson, Hermann (autor)
Altres autors: Grimal, Pierre (autor) (autor)
Format: Llibre
Col·lecció:Historia universal Siglo XXI ; vol. 5-6
Matèries:
Etiquetes: Afegir etiqueta
Sense etiquetes, Sigues el primer a etiquetar aquest registre!

MARC

LEADER 00000nam^a2200000^u^4500
001 000535884
005 20250521000000.0
008 060220s1000^^^^^^^^^^^^r^^^^^000^0^spa^d
009 20260310131025.96
035 |a FMI 000001540 
037 |a Acervo Xavier Clavigero 
096 |a 3.4/36/B 
100 |a Bengtson, Hermann  |e (autor) 
245 1 3 |a El mundo mediterráneo en la edad antigüa / Hermann Bengsos 
264 |a Madrid : Siglo XXI 
300 |a 2 vol. 
336 |a texto  |b txt  |2 rdacontenido 
337 |a sin mediación  |b n  |2 rdamedio 
338 |a volumen  |b nc  |2 rdasoporte 
440 0 |a Historia universal Siglo XXI ; vol. 5-6 
597 |a v.1 Griegos y persas -- v.2 El helenismo y el auge en Roma 
649 |a XX 
650 |a Mediterráneo (Región) -  |x Historia Antigua -  |x Tema Principal 
700 |a Grimal, Pierre  |e (autor) 
910 |a Fondo Francisco Migoya Covarrubias S.J. 
920 |a Impresos - Libros 
930 |a Fondos Especiales 
905 |a 134 
901 |a SBC11211  |b IT2  |c ESP  |u 20250521 
901 |a SBC11209  |b IT2  |c ESP  |u 20250521 
902 |a https://opac.biblio.iteso.mx/vufind/Record/000535884